000 00696nam a2200229Ia 4500
005 20220620105155.0
008 131103s9999 xx 000 0 und d
020 _a086531237 0
040 _aLoreto College
041 _aEnglish
082 _a304.2
_bNOB
245 _aIndia
_bCultural Patterns and processes
_cedited by Allen G.Noble and Ashok K. Dutt
260 _aBoulder
_bWestview Press
_c1982
300 _axv, 378 p.
_b ill., fig., photos, maps
504 _aIncludes bibliographical references, index and notes
630 _aIndia - Culture
650 _aCulture and institutions
651 _aCulture/India
700 _4ed.
_aNoble, Allen G.
850 _aLCLIB
942 _cBK
999 _c2657
_d53136